| 000 | 00515nam a22001937a 4500 | ||
|---|---|---|---|
| 003 | MPLRDC | ||
| 005 | 20220104153759.0 | ||
| 008 | 210129b ||||| |||| 00| 0 eng d | ||
| 020 | _a978-986-216-572-0 | ||
| 082 | _a191.9 DJXY c.2 | ||
| 100 | _a大津秀一 | ||
| 245 |
_a死前会后悔的25件事 _c詹慕如 译 |
||
| 250 | _a第一版 | ||
| 260 |
_a台湾 _b天下远见出版股份有限公司 _c2010 |
||
| 300 | _b234 | ||
| 490 | _a心理励志 268 | ||
| 650 | _a生死学 | ||
| 942 |
_cBK _o191.9 DJXY c.2 |
||
| 999 |
_c53611 _d53601 |
||